Saltar al contenido
Inicio
Centros participantes
Catálogo
Servicios
Contacto
כניסה לחשבון
English
Deutsch
Español
Français
Italiano
日本語
Nederlands
Português
Português (Brasil)
中文(简体)
中文(繁體)
Türkçe
עברית
Gaeilge
Cymraeg
Ελληνικά
Català
Euskara
Русский
Čeština
Suomi
Svenska
polski
Dansk
slovenščina
اللغة العربية
বাংলা
Galego
Tiếng Việt
Hrvatski
हिंदी
Հայերէն
Українська
Sámegiella
שפה
כל השדות
כותר
מחבר
נושא
סימן המיקום
ISBN/ISSN
תג
מצא
מתקדם
El Hombre que parecía caballo
יצירת מראה מקום
שלח את זה
הדפסה
יצוא רשומה
יצוא אל RefWorks
יצוא אל EndNoteWeb
יצוא אל EndNote
הוספה למועדפים
Enlace Permanente
Agregar primera valuación
El Hombre que parecía caballo
שמור ב:
מידע ביבליוגרפי
מחבר ראשי:
Martínez, Arévalo
מחבר תאגידי:
CSUCA
פורמט:
Texto
יצא לאור:
San José:
EDUCA
תגים:
הוספת תג
אין תגיות, היה/י הראשונ/ה לתייג את הרשומה!
מלאי ספרים
תיאור
הערות
פריטים דומים
תצוגת צוות
MARC
LEADER
00000 a a2200000 04500
001
23337
003
040
020
|a
84-8360-160-5
090
|a
161800
100
|a
Martínez, Arévalo
110
|a
CSUCA
245
|a
El Hombre que parecía caballo
260
|a
San José:
|b
EDUCA
300
|a
154 p.
999
|c
13179
|d
13179
פריטים דומים
El hombre que parecía un caballo /
מאת: Arévalo Martínez, Rafael, 1884-1975
יצא לאור: (1970)
El hombre que parecía un caballo /
מאת: Arévalo Martínez, Rafael 1884-1975
יצא לאור: (1997)
El hombre que parecía un caballo y otros cuentos
מאת: Arévalo Martínez, Rafael
יצא לאור: (1997)
El hombre que parecía un caballo y otros cuentos
מאת: Arevalo Martínez, Rafael
יצא לאור: (1951)
Psicolanálisis del hombre que parecía un caballo /
מאת: Lemus, William
יצא לאור: (1990)